| 000 | 00863nam a22002777a 4500 | ||
|---|---|---|---|
| 001 | 7248 | ||
| 003 | FISKH | ||
| 005 | 20250704101349.0 | ||
| 008 | 250704b cb ||||| |||| 00| 0 eng d | ||
| 020 | _a033500987892 | ||
| 040 |
_aFISKH _beng _cFISKH _dFISKH |
||
| 050 | _aPZ7 .M58198 | ||
| 082 | _a398.268 | ||
| 100 | _aAnonymous | ||
| 245 | _aMickey's Christmas Carol : Disney's / | ||
| 260 |
_aNew York : _bA Golden Book, _c1996. |
||
| 300 |
_a24 unnumbered pages : _bcolor illustrations ; _c21 cm |
||
| 490 | _aA little golden book | ||
| 505 | _aJ | ||
| 520 | _aDisney characters assume the roles of the Cratchits, Scrooge, and the other members of this classic Christmas story. | ||
| 521 | 8 |
_a510
_bLexile estimate |
|
| 521 | 8 |
_aJ
_bRaz-Plus |
|
| 650 |
_aChristmas _vMickey Mouse _xpicture book |
||
| 942 |
_2ddc _cBK _n0 |
||
| 999 |
_c7248 _d7248 |
||